| 000 | 00356nam a2200145Ia 4500 | ||
|---|---|---|---|
| 008 | 230917s9999||||xx |||||||||||||| ||und|| | ||
| 040 |
_e195139 _aMAIN |
||
| 041 | _aEnglish | ||
| 082 | _a621.46 A36E | ||
| 100 | _aAshraf, Imtiaz | ||
| 245 | 0 | _aElectrical machines | |
| 260 |
_aNew Delhi _bI K International _c2010 |
||
| 300 | _axvi, 511 p. | ||
| 942 | _cBK | ||
| 999 |
_c157506 _d157506 |
||